Robbins & Kumar basic pathology / (Record no. 136201)
[ view plain ]
| 000 -LEADER | |
|---|---|
| fixed length control field | 00818cam a2200265 i 4500 |
| 001 - CONTROL NUMBER | |
| control field | 23199340 |
| 005 - DATE AND TIME OF LATEST TRANSACTION | |
| control field | 20241204090805.0 |
| 008 - FIXED-LENGTH DATA ELEMENTS--GENERAL INFORMATION | |
| fixed length control field | 230624s2023 paua 001 0 eng |
| 020 ## - INTERNATIONAL STANDARD BOOK NUMBER | |
| International Standard Book Number | 9786277543051 |
| 040 ## - CATALOGING SOURCE | |
| Transcribing agency | PK-LaUMT |
| 082 ## - DEWEY DECIMAL CLASSIFICATION NUMBER | |
| Classification number | 616.07 |
| Item number | ROB- |
| 245 10 - TITLE STATEMENT | |
| Title | Robbins & Kumar basic pathology / |
| Statement of responsibility, etc | by Vinay Kumar, Abdul K. Abbas, Jon C. Aster, Andrea T. Deyrup and Abhijit Das |
| 250 ## - EDITION STATEMENT | |
| Edition statement | 11th ed. |
| 260 ## - PUBLICATION, DISTRIBUTION, ETC. (IMPRINT) | |
| Place of publication, distribution, etc | Singapore : |
| Name of publisher, distributor, etc | Elsevier, |
| Date of publication, distribution, etc | 2023 |
| 300 ## - PHYSICAL DESCRIPTION | |
| Extent | ix, 828 p. : |
| Other physical details | illustrations (chiefly color) ; |
| Dimensions | 29 cm |
| 500 ## - GENERAL NOTE | |
| General note | Includes index. |
| 650 #0 - SUBJECT ADDED ENTRY--TOPICAL TERM | |
| Topical term or geographic name as entry element | Pathology. |
| 650 12 - SUBJECT ADDED ENTRY--TOPICAL TERM | |
| Topical term or geographic name as entry element | Pathologic Processes |
| 650 #2 - SUBJECT ADDED ENTRY--TOPICAL TERM | |
| Topical term or geographic name as entry element | Pathology |
| 650 #7 - SUBJECT ADDED ENTRY--TOPICAL TERM | |
| Topical term or geographic name as entry element | Pathology. |
| 700 1# - ADDED ENTRY--PERSONAL NAME | |
| Personal name | Abbas, Abul K., |
| 700 1# - ADDED ENTRY--PERSONAL NAME | |
| Personal name | Aster, Jon C., |
| 700 1# - ADDED ENTRY--PERSONAL NAME | |
| Personal name | Deyrup, Andrea T., |
| 942 ## - ADDED ENTRY ELEMENTS (KOHA) | |
| Koha item type | Books |
| Withdrawn status | Lost status | Damaged status | Home library | Current library | Date acquired | Full call number | Barcode | Date last seen | Copy number | Price effective from | Koha item type |
|---|---|---|---|---|---|---|---|---|---|---|---|
| UMT Main Campus | UMT Health Sciences Campus | 2024-12-04 | 616.07 ROB- | 148088 | 2025-06-03 | C.1 | 2024-12-04 | Books | |||
| UMT Main Campus | UMT Health Sciences Campus | 2024-12-04 | 616.07 ROB- | 148089 | 2025-06-04 | C.2 | 2024-12-04 | Books | |||
| UMT Main Campus | UMT Health Sciences Campus | 2024-12-04 | 616.07 ROB- | 148090 | 2025-06-13 | C.3 | 2024-12-04 | Books | |||
| UMT Main Campus | UMT Health Sciences Campus | 2024-12-04 | 616.07 ROB- | 148091 | 2026-04-29 | C.4 | 2024-12-04 | Books | |||
| UMT Main Campus | UMT Health Sciences Campus | 2024-12-04 | 616.07 ROB- | 148092 | 2025-12-31 | C.5 | 2024-12-04 | Books |
